Trial justice : (Record no. 18822)
[ view plain ]
| 000 -LEADER | |
|---|---|
| fixed length control field | 01294cam a2200337 i 4500 |
| 001 - CONTROL NUMBER | |
| control field | 14556317 |
| 003 - CONTROL NUMBER IDENTIFIER | |
| control field | EG-ScBUE |
| 005 - DATE AND TIME OF LATEST TRANSACTION | |
| control field | 20240609123042.0 |
| 008 - FIXED-LENGTH DATA ELEMENTS--GENERAL INFORMATION | |
| fixed length control field | 060918r20082006enkbo f b 001 0 eng d |
| 020 ## - INTERNATIONAL STANDARD BOOK NUMBER | |
| International Standard Book Number | 9781842777374 (pb) |
| 040 ## - CATALOGING SOURCE | |
| Original cataloging agency | UKM |
| Language of cataloging | eng |
| Description conventions | rda |
| Transcribing agency | UKM |
| Modifying agency | OCLCQ |
| -- | BAKER |
| -- | BWKUK |
| -- | DLC |
| -- | EG-ScBUE |
| 043 ## - GEOGRAPHIC AREA CODE | |
| Geographic area code | f-ug--- |
| 082 00 - DEWEY DECIMAL CLASSIFICATION NUMBER | |
| Classification number | 967.61044 |
| Edition number | 22 |
| Item number | ALL |
| 100 1# - MAIN ENTRY--PERSONAL NAME | |
| Personal name | Allen, Tim, |
| Dates associated with a name | 1956- |
| Relator term | author. |
| 9 (RLIN) | 37040 |
| 245 10 - TITLE STATEMENT | |
| Title | Trial justice : |
| Remainder of title | the international criminal court and the Lord's Resistance Army / |
| Statement of responsibility, etc | Tim Allen. |
| 250 ## - EDITION STATEMENT | |
| Edition statement | Second impression. |
| 264 #1 - PUBLICATION, DISTRIBUTION, ETC. (IMPRINT) | |
| Place of publication, distribution, etc | London ; |
| -- | New York, United States : |
| Name of publisher, distributor, etc | Zed Books : |
| -- | International African Institute ; |
| Place of publication, distribution, etc | Claremont, South Africa : |
| Name of publisher, distributor, etc | David Philip, |
| Date of publication, distribution, etc | 2008. |
| 300 ## - PHYSICAL DESCRIPTION | |
| Extent | xvi, 230 pages : |
| Other physical details | maps, photographs ; |
| Dimensions | 21 cm. |
| 336 ## - CONTENT TYPE | |
| Source | rdacontent |
| Content type term | text |
| Content type code | txt |
| 337 ## - MEDIA TYPE | |
| Media type term | unmediated |
| Source | rdamedia |
| Media type code | n |
| 338 ## - CARRIER TYPE | |
| Carrier type term | volume |
| Carrier type code | nc |
| Source | rdacarrier |
| 490 0# - SERIES STATEMENT | |
| Series statement | African arguments |
| 504 ## - BIBLIOGRAPHY, ETC. NOTE | |
| Bibliography, etc | Includes bibliographical references and index.<br/> |
| 610 27 - SUBJECT ADDED ENTRY--CORPORATE NAME | |
| Corporate name or jurisdiction name as entry element | International Criminal Court. |
| Source of heading or term | BUEsh |
| 9 (RLIN) | 37041 |
| 610 27 - SUBJECT ADDED ENTRY--CORPORATE NAME | |
| Corporate name or jurisdiction name as entry element | Lord’s Resistance Army. |
| Source of heading or term | BUEsh |
| 9 (RLIN) | 37043 |
| 650 #7 - SUBJECT ADDED ENTRY--TOPICAL TERM | |
| Topical term or geographic name as entry element | War crimes |
| Geographic subdivision | Uganda. |
| Source of heading or term | BUEsh |
| 9 (RLIN) | 37044 |
| 651 #7 - SUBJECT ADDED ENTRY--GEOGRAPHIC NAME | |
| Geographic name | Uganda |
| General subdivision | History |
| Chronological subdivision | 1979- |
| Source of heading or term | BUEsh |
| 9 (RLIN) | 37045 |
| 653 ## - INDEX TERM--UNCONTROLLED | |
| Resource For college | BAEPS, Political Science |
| Arrived date list | January2015 |
| -- | March2015 |
| 655 ## - INDEX TERM--GENRE/FORM | |
| Form subdivision | Reading book |
| 9 (RLIN) | 34232 |
| 942 ## - ADDED ENTRY ELEMENTS (KOHA) | |
| Source of classification or shelving scheme | Dewey Decimal Classification |
| Koha item type | Book - Borrowing |
| Withdrawn status | Lost status | Source of classification or shelving scheme | Damaged status | Not for loan | Collection code | Home library | Current library | Shelving location | Date acquired | Source of acquisition | Cost, normal purchase price | Total Checkouts | Full call number | Barcode | Date last seen | Cost, replacement price | Koha item type | Total Renewals | Date checked out |
|---|---|---|---|---|---|---|---|---|---|---|---|---|---|---|---|---|---|---|---|
| Dewey Decimal Classification | Baccah | Central Library | Central Library | Second Floor | 04/01/2015 | Purchase | 260.00 | 967.61044 ALL | 000037242 | 15/07/2025 | 325.00 | Book - Borrowing | |||||||
| Dewey Decimal Classification | Baccah | Central Library | Central Library | Second Floor | 14/03/2015 | Purchase | 260.00 | 967.61044 ALL | 000037511 | 15/07/2025 | 325.00 | Book - Borrowing | |||||||
| Dewey Decimal Classification | Baccah | Central Library | Central Library | Second Floor | 14/03/2015 | Purchase | 260.00 | 1 | 967.61044 ALL | 000037512 | 15/07/2025 | 325.00 | Book - Borrowing | 1 | 15/04/2018 |